00961nam a2200217 a 450000100100000000500170001000800410002702000150006804000250008310000290010824501020013726000720023930000210031149000520033250400730038450400330045771000720049083000590056295201050062199900170072600004133620201002034811.0130917s1996 sp 000 0 spa d a8400076249 aDO-SdBNPbspacBNPHU1 aPelayo, Francisco96772810aDel diluvio al megaterio :blos orígenes de la paleontología en España /cFrancisco Pelayo. aMadrid :bConsejo Superior de Investigaciones Científicas,c1996. a310 p. ;c18 cm.1 aCuadernos Galileo de Historia de la Cienciav16 aIncluye referencias bibliográficas y notas al pie de las páginas abibliografías : p. 305-3102 aConsejo Superior de Investigaciones Científicas,(España)967570 0aCuadernos Galileo de Historia de la Ciencian16967979 001050718MOaGRbGRcCTd2013-09-30iLF1l0o p41336-10r2020-06-25w2020-06-25y1ZNo se presta c40826d40826